| 000 | 00821nam a22002297a 4500 | ||
|---|---|---|---|
| 999 |
_c3454 _d3454 |
||
| 003 | AR-CdUCM | ||
| 008 | 190306b ||||| |||| 00| 0 spa d | ||
| 020 | _a978-612-46549-1-6 | ||
| 040 |
_aMUNICIPALIDAD PROVINCIAL DEL CUSCO _cBIBLIOTECA MUNICIPAL DEL CUSCO |
||
| 082 |
_a869.56 / _bAL49 |
||
| 100 |
_aÁlvarez Espinoza, Juvenal _911376 |
||
| 245 |
_aTúpac el eterno Amaru : _bnovela histórica / |
||
| 260 |
_aCusco : _bRepresentaciones Generales y Servicios Americanos, _c2016. |
||
| 300 |
_a179 páginas ; _c21 cm. _bfotografías, |
||
| 500 | _a"Con actividades para el Plan Lector"-- Cubierta. | ||
| 650 |
_aNovelas históricas peruanas _911377 |
||
| 650 |
_aÉpoca Colonial _9645 |
||
| 650 |
_aCuadernos de trabajo _93321 |
||
| 700 |
_aGuevara Yábar, Gregorio _911378 |
||
| 942 |
_2ddc _cLIBROS |
||
| 945 | _araen | ||